000 00697 a2200181 4500
020 _a8180615006
_c475.00
035 _aB-156752
037 _bRP-BLI-341 / PANSY-07-08:3 / RP-07-08:ENG
082 1 4 _a616.0757
090 _c2157
_d2157
100 1 _aBhargava, Satish K.
245 1 _aRadioilogical differential diagnosis
_cby Satish K. Bhargava
260 _aNew Delhi
_bJaypee Brothers Medical Publishers
_c2005
270 _aEMCA House, 23/23B, Ansari Raod, Daryaganj
_bNew Delhi
_cDelhi
_e110002
_k23272143
_l23276490
300 _axxxvi, 1113 p
_bill
_c18 cm (pbk)
942 _adpl
_cEN
_k616.0757 / BHA
999 _c2117
_d2117